000 00724nam a2200229 a 4500
005 20250527063805.0
008 140612s2005 ve r 000 0 spa d
020 _a9800113061
035 _aUPN01000197820
049 _aI
050 4 _aPZ74.3
_bC3.3
100 1 _aCamaute de Carvallo, Doris,
_d1947-
_935650
245 1 3 _aLa fiesta de los ratones :
_brimas, trabalenguas y canciones /
_cDoris Camaute de Carvallo ; il. Etten Carvallo.
260 _aCaracas :
_bMonte Avila,
_c2005.
300 _a29 p. :
_bil. col.
440 0 _aPrimera dimensión.
_pRoja
650 4 _aRimas infantiles
_910247
650 7 _aTrabalenguas
_2
_913314
650 2 _aCanciones infantiles
_95682
905 _aInfantil
999 _c169921
_d169921